| 000 | 00559nam a2200205 i 4500 | ||
|---|---|---|---|
| 001 | bg | ||
| 100 | 1 | _aSTASZEWSKI, Przemysław | |
| 245 | 1 | 0 |
_aQuantum mechanics of continuously observed systems / _cPrzemysław Staszewski. |
| 260 |
_aToruń : _bNicholas Copernicus Univerity Press, _c1993. |
||
| 300 |
_a74 s. ; _c24 cm. |
||
| 504 | _aBibliogr. | ||
| 650 | 9 | _aMechanika kwantowa | |
| 020 | _a8323104581 | ||
| 040 | _cBPK | ||
| 041 | 0 | _apl | |
| 080 | _a530.145 | ||
| 920 | _a83-231-0458-1 | ||
| 942 | _cKS | ||
| 008 | s pl f |000 0 pol | ||
| 999 |
_c42407 _d42407 |
||
| 856 |
_uhttp://koha.tu.koszalin.pl/cgi-bin/koha/opac-detail.pl?biblionumber=42407 _yKatalog online BPK |
||